000 00453nam a2200169 4500
001 115845
003 ES-MaACL
005 20260507171612.0
007 t|
008 061121s1975 fr r ||||1| fre d
100 _aOrmesson, Jean d',
_d1925-2017
_9239050
245 1 0 _aAu plaisir de Dieu /
_cJean d'Ormesson.
260 _aParĂ­s :
_bGillamard,
_c1975.
300 _a476 p. ;
_c21 cm.
852 _aES-MaACL
_jE-7765
_bR.92128
999 _c115845
_d115845